Politique Internationale en G - Statistiques

Statistiques générales
  • Ce quiz a été pris 132 fois
  • Le résultat moyen est 7 sur 10
Statistiques - réponses
Hint Réponse % Correct
Leader de l’indépendance indienne, partisan de la non-violence et figure mondiale des luttes anticoloniales. Mahatma Gandhi
98%
Nom donné aux exécutions massives perpétrées contre une population en raison de son appartenance ethnique, religieuse ou nationale. Reconnu comme crime contre l’humanité. Génocide
97%
Ancien président soviétique (1985-1991), il initia les réformes de la perestroïka et de la glasnost, contribuant à la fin de la guerre froide. Mikhaïl Gorbatchev
92%
Réunion des sept principales puissances économiques mondiales, discutant des grandes orientations économiques et géopolitiques. G7
91%
Conflit idéologique, politique et stratégique, opposant les États-Unis et l’URSS de 1947 à 1991. Guerre Froide
89%
Ancienne république soviétique du Caucase, marquée par des tensions persistantes avec la Russie depuis son indépendance en 1991, notamment après la guerre de 2008. Géorgie
81%
Étude des relations de pouvoir entre États ou territoires en fonction de leur position géographique, de leurs ressources ou de leurs ambitions stratégiques. Géopolitique
79%
Révolutionnaire italien du XIXe siècle, acteur central de l’unification italienne. Giuseppe Garibaldi
39%
Doctrine politique et économique prônant la libre circulation des biens, des capitaux et des services à l’échelle mondiale, souvent critiquée pour ses effets inégalitaires. Globalisation
38%
Opposant vénézuélien autoproclamé président par intérim en 2019, soutenu par plusieurs pays occidentaux contre le régime de Nicolás Maduro. Juan Guaidó
5%
Aucun quiz correspondant
Distribution des résultats
% des personnes avec chaque résultat
Percentile par nombre de réponses
Votre historique - résultats
Vous n’avez pas pris ce quiz